00565nam a2200193Ia 4500001000900000003000500009005001700014008004100031010001100072040000900083082001600092100002000108245007000128260005500198300000800253500000800261650004400269650005800313dia_1167CHAP20230120110853.0220117s1973 xx 000 0 und d a171714 cCHAP a510.783 M86 aMurphy, John S. aCurso Básico de Computadoras Digitales. /c por S. John Murphy aArgentina,Centro Regional de Ayuda Técnicac1973 a3 v aS/c a1.Computación electrónica de datos  aCalculadoras digitales electrónicasxprogramación